000 00349nam a2200157Ia 4500
008 210210b1927 xxu||||| |||| 00| 0 eng d
041 _aeng
082 _a520/26
100 _aBROOKS (C E P)
245 _aWeather
260 _aLondon
_bErnest Benn Limited
_c1927
300 _a79
650 _aWeather
690 _aAstronomy
906 _a008011
999 _c125877
_d125877